Statistiques concernant Les plus grandes villes sur le Lot

Cliquez ici pour prendre le quiz!

Statistiques générales

  • Ce quiz a été pris 60 fois
  • Le résultat moyen est 3 sur 12

Statistiques - réponses

Population (2017)Ville sur le Lot% Correct
19,600Cahors
96%
23,300Villeneuve-sur-Lot
58%
4,600Capdenac-Gare
29%
5,700Decazeville
25%
5,000Fumel
23%
11,500Mende
21%
4,500Espalion
17%
3,400Pradines
17%
4,300Aiguillon
15%
2,500Prayssac
15%
6,200Sainte-Livrade-sur-Lot
15%
2,600Clairac
10%

Distribution des résultats

Percentile par nombre de réponses

% des personnes avec chaque résultat

Votre développement - résultats

Vous n’avez pas pris ce quiz